Statystyki dla Kwalifikacje Ligi Konferencji Europy 23/24

Kliknij tutaj aby rozwiązać quiz!

Ogólne statystyki

  • Ten quiz został rozwiązany 19 razy
  • Średni wynik to 16 z 121

Statystyki odpowiedzi

NarodowośćKlub% Poprawnych
PolskaLegia Warszawa
87%
PolskaLech Poznań
73%
PolskaPogoń Szczecin
53%
ChorwacjaRijeka
40%
TurcjaBesiktas
33%
LuksemburgDudelange
33%
BelgiaGent
33%
Wyspy OwczeVikingur
33%
CyprAPOEL
27%
SzwajcariaBasel
27%
BelgiaClub Brugge
27%
GruzjaDinamo Batumi
27%
TurcjaFenerbahce
27%
GrecjaPAOK
27%
HolandiaTwente
27%
IzraelBeitar Jerozolima
20%
NorwegiaBodo/Glimt
20%
CzechyBohemians
20%
BułgariaCSKA Sofia
20%
KosowoDrita
20%
IrlandiaDundalk
20%
GibraltarEuropa FC
20%
RumuniaFCSB
20%
PortugaliaGuimaraes
20%
IzraelHapoel Beer Sheva
20%
SzkocjaHibernian
20%
EstoniaLevadia
20%
IzraelMaccabi Tel Awiw
20%
ChorwacjaOsijek
20%
NorwegiaRosenborg
20%
LiechtensteinVaduz
20%
LitwaŻalgiris Kowno
20%
SłowacjaZilina
20%
TurcjaAdana Demirspor
13%
ArmeniaArarat-Armenia
13%
GrecjaAris
13%
Wyspy OwczeB36 Torshavn
13%
LuksemburgDifferdange
13%
SzwecjaDjurgarden
13%
AlbaniaEgnatia
13%
SzwecjaHammarby
13%
FinlandiaHonka
13%
FinlandiaKuPS
13%
SzwajcariaLuzern
13%
SłoweniaMaribor
13%
DaniaMidtjylland
13%
MołdawiaMilsami
13%
KazachstanOrdabasy
13%
CzechyPilzno
13%
AlbaniaTirana
13%
KazachstanTobol
13%
SerbiaVojvodina
13%
MołdawiaZimbru
13%
DaniaAarhus
7%
CyprAEK Larnaka
7%
KazachstanAktobe
7%
IslandiaAkureyri
7%
CzarnogóraArsenal Tivat
7%
ŁotwaAuda
7%
AustriaAustria Wiedeń
7%
MaltaBalzan
7%
MaltaBirkirkara
7%
Bośnia i HercegowinaBorac Banja Luka
7%
SłoweniaCelje
7%
RumuniaCFR Cluj
7%
WaliaConnah's Quay Nomads
7%
San MarinoCosmos
7%
Irlandia PółnocnaCrusaders
7%
BułgariaCSKA 1948 Sofia
7%
WęgryDebrecen
7%
Irlandia PółnocnaDerry City
7%
GruzjaDila Gori
7%
SłoweniaDomzale
7%
KosowoDukagjini
7%
SłowacjaDunajska Streda
7%
BiałoruśDynamo Mińsk
7%
AndoraFC Santa Coloma
7%
LitwaFK Panevezys
7%
KosowoGjilani
7%
Irlandia PółnocnaGlentoran
7%
MaltaGzira
7%
FinlandiaHaka
7%
WaliaHaverfordwest
7%
Wyspy OwczeHB Torshavn
7%
LitwaHegelmann
7%
SzwecjaKalmar
7%
WęgryKecskemeti
7%
San MarinoLa Fiorita
7%
BułgariaLevski
7%
Irlandia PółnocnaLinfield
7%
GibraltarMagpies
7%
EstoniaNarva
7%
LuksemburgNiedercorn
7%
BiałoruśNioman Grodno
7%
CyprOmonia
7%
EstoniaPaide
7%
WaliaPenybont
7%
MołdawiaPetrocub
7%
ŁotwaRFS
7%
ŁotwaRyga FC
7%
AzerbejdżanSabah Baku
7%
Bośnia i HercegowinaSarajevo
7%
Macedonia PółnocnaShkupi
7%
SłowacjaSpartak Trnawa
7%
IrlandiaSt. Patricks
7%
CzarnogóraSutjeska
7%
GruzjaTorpedo Kutaisi
7%
IslandiaVikingur Reykjavik
7%
AlbaniaVllaznia
7%
UkrainaWorskła Połtawa
7%
WęgryZalaegerszeg
7%
Bośnia i HercegowinaZeljeznicar
7%
ArmeniaAlashkert
0%
AzerbejdżanGabala
0%
AndoraInter Escaldes
0%
Macedonia PółnocnaMakedonija GP
0%
AzerbejdżanNeftci Baku
0%
ArmeniaPyunik
0%
RumuniaSepsi Sf. Gheorghe
0%
Macedonia PółnocnaShkendija
0%
BiałoruśZhodino
0%

Rozkład punktacji

Percentyl według liczby udzielonych odpowiedzi

Procent ludzi z każdym wynikiem

Twoja historia wyników

Nie rozwiązałeś tego quizu